| 000 | 00545nam a2200157Ia 4500 | ||
|---|---|---|---|
| 008 | 100122s9999 xx 000 0 und d | ||
| 082 |
_b53909 _aBM823 |
||
| 100 | _aदेवधर विजय | ||
| 245 | _aकरामत हुशार कुत्र्याची | ||
| 250 | _a0 | ||
| 260 |
_bशब्दाली प्रकाशन _c1994 |
||
| 300 | _a72 | ||
| 630 | _aकरामत हुशार कुत्र्याची | ||
| 730 | _aकरामत हुशार कुत्र्याची | ||
| 942 | _cBOOK | ||
| 999 |
_c430835 _d430832 |
||